| 000 | 02069nam a2200457Ia 4500 | ||
|---|---|---|---|
| 001 | ebr10256037 | ||
| 003 | CaPaEBR | ||
| 006 | m u | ||
| 007 | cr cn||||||||| | ||
| 008 | 870730s1987 wiua sb s001 0 eng d | ||
| 010 | _z 87040137 | ||
| 020 | _z0299114805 | ||
| 020 | _z0299114848 (pbk.) | ||
| 020 | _z9780299114800 | ||
| 040 |
_aCaPaEBR _cCaPaEBR |
||
| 035 | _a(OCoLC)294963357 | ||
| 050 | 1 | 4 |
_aRJ216 _b.A65 1987eb |
| 082 | 0 | 4 |
_a362.1/9892 _219 |
| 100 | 1 |
_aApple, Rima D. _q(Rima Dombrow), _d1944- |
|
| 245 | 1 | 0 |
_aMothers and medicine _h[electronic resource] : _ba social history of infant feeding, 1890-1950 / _cRima D. Apple. |
| 260 |
_aMadison, Wis. : _bUniversity of Wisconsin Press, _c1987. |
||
| 300 |
_axv, 261 p. : _bill. |
||
| 490 | 1 |
_aWisconsin publications in the history of science and medicine ; _vno. 7 |
|
| 500 | _aIncludes index. | ||
| 504 | _aBibliography: p. 247-251. | ||
| 533 |
_aElectronic reproduction. _bPalo Alto, Calif. : _cebrary, _d2011. _nAvailable via World Wide Web. _nAccess may be limited to ebrary affiliated libraries. |
||
| 650 | 0 |
_aBreastfeeding _zUnited States _xHistory _y19th century. |
|
| 650 | 0 |
_aBreastfeeding _zUnited States _xHistory _y20th century. |
|
| 650 | 0 |
_aInfants _xNutrition _zUnited States _xHistory _y19th century. |
|
| 650 | 0 |
_aInfants _xNutrition _zUnited States _xHistory _y20th century. |
|
| 650 | 0 |
_aMothers _zUnited States _xHistory _y19th century. |
|
| 650 | 0 |
_aMothers _zUnited States _xHistory _y20th century. |
|
| 650 | 0 |
_aPhysician and patient _zUnited States _xHistory _y19th century. |
|
| 650 | 0 |
_aPhysician and patient _zUnited States _xHistory _y20th century. |
|
| 650 | 0 |
_aPhysicians _zUnited States _xHistory _y19th century. |
|
| 650 | 0 |
_aPhysicians _zUnited States _xHistory _y20th century. |
|
| 655 | 7 |
_aElectronic books. _2local |
|
| 710 | 2 | _aebrary, Inc. | |
| 830 | 0 |
_aWisconsin publications in the history of science and medicine ; _vno. 7. |
|
| 856 | 4 | 0 |
_uhttp://site.ebrary.com/lib/rucke/Doc?id=10256037 _zAn electronic book accessible through the World Wide Web; click to view |
| 999 |
_c14427 _d14427 |
||